LEADER 02054nam2-2200577---450 001 990001399440203316 005 20180308150858.0 010 $a88-394-0541-0 035 $a000139944 035 $aUSA01000139944 035 $a(ALEPH)000139944USA01 035 $a000139944 100 $a20040206h1997----km-y0itay50------ba 101 1 $aita$cger 102 $aIT 105 $ay|||z|||001yy 200 1 $a<<2>> : Grammatica del greco del Nuovo Testamento$fFriedrich Blass, Albert Debrunner$gnuova edizione di Friedrich Rehkopf$gedizione italiana a cura di Giordana Pisi$g[traduzione italiana di Umberto Mattioli e Giordana Pisi] 210 $aBrescia$cPaideia$dcopyr. 1997 215 $a709 p.$d23 cm 454 $12001$aGrammatik des neutestamentlichen Griechisch$916116 461 1$10010003385$12001$aIntroduzione allo studio della Bibbia. Supplementi 606 0 $aLingua greca biblica$xGrammatica 676 $a487.4 700 1$aBLASS,$bFriedrich$0229990 701 1$aDEBRUNNER,$bAlbert$0390681 702 1$aREHKOPF,$bFriedrich 702 1$aPISI,$bGiordana 702 1$aMATTIOLI,$bUmberto 801 0$aIT$bsalbc$gISBD 912 $a990001399440203316 951 $aII.2. 2409/2(XIV 996/2)$b144064 L.M.$cII.2.$d00081656 951 $aII.2. 2409/2a(XIV 996/2 BIS)$b144065 L.M.$cII.2.$d00081657 951 $aS II c 11$b288 DLM 951 $aFF 225.48 BLA$b6941 FIL 959 $aBK 969 $aUMA 969 $aDILAM 969 $aFIL 979 $aSIAV5$b10$c20040206$lUSA01$h1242 979 $aPATRY$b90$c20040406$lUSA01$h1738 979 $aSIAVER$b90$c20040504$lUSA01$h1641 979 $aANNAMARIA$b90$c20071113$lUSA01$h1701 979 $aANNAMARIA$b90$c20071113$lUSA01$h1704 979 $aANNAMARIA$b90$c20071114$lUSA01$h0938 979 $aANNAMARIA$b90$c20071116$lUSA01$h0910 979 $c20121027$lUSA01$h1548 979 $c20121027$lUSA01$h1606 979 $c20121027$lUSA01$h1610 996 $aGrammatik des neutestamentlichen Griechisch$916116 997 $aUNISA DEB $aSA0014754 LEADER 01275nam2-2200385---450 001 990002944510203316 005 20200916144101.0 035 $a000294451 035 $aUSA01000294451 035 $a(ALEPH)000294451USA01 035 $a000294451 100 $a20070614d1977----km-y0itay50------ba 101 0 $afre$cgrc 102 $aFR 105 $aa|||||||001yy 200 1 $a<<1.>> : Lois sacrées et règlements religieux$fpar Roger Rougemont 210 $aParis$cDiffusion De Boccard$d1977 215 $a159 p., 10 p. di tav.$cill.$d32 cm 300 $aIn testa al front.: Ecole française d'Athènes 461 1$1001000149841$12001$aCorpus des inscriptions de Delphes 606 0 $aIscrizioni greche$yDelfi 676 $a481.1 700 1$aROUGEMONT,$bGeorges$0207816 712 02$aEcole française d'Athènes 801 0$aIT$bsalbc$gISBD 912 $a990002944510203316 951 $aXI.3.C. 25/1(X A 337/1)$b20733 L.M.$cXI.3. 951 $aXI.3.C. 25/1a$b199779 L.M.$cXI.3.$d00159610 959 $aBK 969 $aUMA 979 $aANNAMARIA$b90$c20070614$lUSA01$h1052 979 $aANNAMARIA$b90$c20070614$lUSA01$h1103 979 $aANNAMARIA$b90$c20070614$lUSA01$h1103 996 $aLois sacrées et règlements religieux$9287754 997 $aUNISA